Zgadnij celebrytę po zdjęciu #7 - Statystyki

Ogólne statystyki
  • Ten quiz został rozwiązany 61 razy
  • Średni wynik to 6 z 16
Statystyki odpowiedzi
Obrazkowy Odpowiedź % Poprawnych
Rihanna
94%
Johny Depp
77%
Lily Rose Depp
65%
Robin Williams
63%
Daniel Craig
54%
Orlando Bloom
50%
Patrick Swayze
48%
Christian Bale
44%
William Dafoe
33%
Joaquin Phoenix
29%
Russell Crowe
27%
Stanley Tucci
17%
Taron Egerton
15%
Vincent Cassel
10%
Devon Aoki
6%
Chad Michael Murray
4%
Nie znaleziono quizów pasujących do podanych kryteriów
Rozkład punktacji
Procent ludzi z każdym wynikiem
Percentyl według liczby udzielonych odpowiedzi
Twoja historia wyników
Nie rozwiązałeś tego quizu